000 00682nam a2200289Ia 4500
005 20260324113437.0
008 008 260324s9999 xx 000 0 eng d
020 _a9781003410539
037 _aEBOOK
040 _aCRL
040 _beng
040 _cCRL
041 _2eng
041 _aeng
084 _qCRL
100 _aÇağla Gül Yesevi
_91146795
245 0 _aMigration from Central Asia
245 0 _bStories and Identity Formation
260 _bTaylor and Francis
260 _c2023
365 _a
365 _b230
856 _uhttp://www.taylorfrancis.com/books/9781003410539
942 _cEBOOK
999 _c1736445
_d1736445